00551nam a2200193Ia 4500003000400000005001700004008004100021040000700062041000800069082001300077100002200090245002400112260002000136300000900156650003000165942001300195999001900208952013000227OSt20251111090441.0250729s2006 xx 000 0 und d cAL aeng a320 RAMI aRaman B S9224150 aIndian constitution aMangalorec2006 a278p aPolitical Science9224151 2ddccBED c236268d236268 00104070aALbALd2025-07-29eSchool Book Companyg80.00l0o320 RAMIpBED01587r2025-07-29 16:54:42v80.00w2025-07-29yBK